00474nam a22001577a 450000500170000001000150001702000260003203500140005803700130007208200130008510000170009824500720011526000450018727000630023230000210029520220912155449.0 aENG-135027 a9780199452804c580.00 aEN-118559 bDBAD/PUB a621.3825 aMutagi, R.N. aSatellite Communication:bPrinciples and Applications/cR.N. Mutagi aNew DelhibOxford University Pressc2016 aYMCA Library Building, 1 Jai Singh RoadbNew Delhie110001 a585p.c24cm(pbk)